书目信息 |
| 题名: |
建筑塑料
|
|
| 作者: | 刘柏贤 , 刘隼 编著 | |
| 分册: | ||
| 出版信息: | 北京 化学工业出版社 2000.09 |
|
| 页数: | 375页 | |
| 开本: | 32开 | |
| 丛书名: | ||
| 单 册: | ||
| 中图分类: | TU532 | |
| 科图分类: | ||
| 主题词: | 建筑材料:有机材料 , 建筑化工材料 | |
| 电子资源: | ||
| ISBN: | 7-5025-2918-7 | |
| 000 | 00611nam0 2200217 45 | |
| 001 | 0010030397 | |
| 005 | 20010328104618.0 | |
| 010 | @a7-5025-2918-7@d28.00元 | |
| 100 | @a20001003d2000 km y0chiy0120 ea | |
| 101 | 0 | @achi |
| 105 | @a z 000yy | |
| 200 | 1 | @a建筑塑料@AJian Zhu Su Liao@f刘柏贤,刘隼编著@FLiu Bai Xian,Liu Sun Bian Zhu |
| 210 | @a北京@c化学工业出版社@d2000.09 | |
| 215 | @a375页@d32开 | |
| 606 | 0 | @a建筑材料:有机材料 |
| 606 | 0 | @a建筑化工材料 |
| 690 | @aTU532@v3 | |
| 701 | 0 | @a刘柏贤@4编著 |
| 701 | 0 | @a刘隼@4编著 |
| 801 | @aCN@bPftUser@c20001003 | |
| 905 | @dTU532@eL881@b333328-332@f5 | |
| 建筑塑料/刘柏贤,刘隼编著.-北京:化学工业出版社,2000.09 |
| 375页;32开 |
| ISBN 7-5025-2918-7:28.00元 |
| ● |
| 相关链接 |
|
|
|
正题名:建筑塑料
索取号:TU532/L881
 
预约/预借
| 序号 | 登录号 | 条形码 | 馆藏地/架位号 | 状态 | 备注 |
| 1 | 333328 | 203333286 | 土木与交通工程学院资料室/土木与交通学院资料室 1排1列1层/ [索取号:TU532/L881] | 在馆 | |
| 2 | 333329 | 203333295 | 建筑库201/201建筑库 9排1列5层/ [索取号:TU532/L881] | 在馆 | |
| 3 | 333330 | 203333302 | 土木与交通工程学院资料室/土木与交通学院资料室 1排1列1层/ [索取号:TU532/L881] | 在馆 | |
| 4 | 333331 | 203333311 | 建筑库201/201建筑库 9排1列5层/ [索取号:TU532/L881] | 在馆 | |
| 5 | 333332 | 203333320 | 建筑库201/201建筑库 9排1列5层/ [索取号:TU532/L881] | 在馆 |